书目信息 |
| 题名: |
常见与常用真菌
|
|
| 作者: | 本书组编 | |
| 分册: | ||
| 出版信息: | 北京 科学出版社 1973.08 |
|
| 页数: | 317页 | |
| 开本: | 20cm | |
| 丛书名: | ||
| 单 册: | ||
| 中图分类: | Q939.5 | |
| 科图分类: | ||
| 主题词: | 微生物学:分类学 | |
| 电子资源: | ||
| ISBN: | ||
| 000 | 00541nam0 2200193 450 | |
| 001 | 0836385356 | |
| 005 | 20081105163812.18 | |
| 010 | @dCNY1.30 | |
| 091 | @a13031.1 | |
| 100 | @a20081105d1973 km y0chiy0120 ea | |
| 101 | 0 | @achi |
| 102 | @aCN@b110000 | |
| 200 | 1 | @a常见与常用真菌@Achang jian yu chang yong zhen jun@f本书组编@Fben shu zu bian |
| 210 | @a北京@c科学出版社@d1973.08 | |
| 215 | @a317页@d20cm | |
| 606 | 0 | @a微生物学:分类学 |
| 690 | @aQ939.5@v4 | |
| 801 | 0 | @aCN@b大连网信软件有限公司图书馆·11@c20081105 |
| 905 | @aBZT@dQ939.5@e1 | |
| 常见与常用真菌/本书组编.-北京:科学出版社,1973.08 |
| 317页;20cm |
| ISBN :CNY1.30 |
| ● |
| 相关链接 |
|
|
|
正题名:常见与常用真菌
索取号:Q939.5/1
 
预约/预借
| 序号 | 登录号 | 条形码 | 馆藏地/架位号 | 状态 | 备注 |
| 1 | 010001 | 201212927 | 中心书库中库/ 中库032架B面5列5层43/ [索取号:Q939.5/1] | 在馆 |